Sladký život s vôňou škorice

Saved in:
Bibliographic Details
Main Author Jones, Kvarnström, Ruth
Format Electronic eBook
LanguageCzech
Published Metafora SK 2022
Edition1. elektronické vydání
Subjects
Online AccessDostupné v BOOKPORT po přihlášení pomocí eduID
ISBN978-80-8090-402-9
978-80-8090-401-2
Physical Description1 online zdroj (344 stran)

Cover

LEADER 00000nam a2200000 i 4500
001 bkp100138
003 CZ-prgp
005 20230313115030.0
006 m o d
007 cr cn
008 230313s2022 xr o 000 1 cze
020 |a 978-80-8090-402-9  |c 361 Kč  |q (online ; pdf) 
020 |a 978-80-8090-401-2  |c 200 Kč  |q (print) 
040 |a Grada  |b cze  |e rda 
100 1 |a Jones, Kvarnström, Ruth 
245 1 0 |a Sladký život s vôňou škorice  |c Ruth Jones Kvarnström 
250 |a 1. elektronické vydání 
264 1 |b Metafora SK  |c 2022 
300 |a 1 online zdroj (344 stran) 
336 |a text  |b txt  |2 rdacontent 
337 |a počítač  |b c  |2 rdamedia 
338 |a online zdroj  |b cr  |2 rdacarrier 
520 3 |a Do idylického pobrežného mestečka Halleholm zavítala krásna svieža jar. Lovisina pekáreň prekvitá a ona sama žiari šťastím. Nielenže ju Axel požiadal o ruku, ale dokonca spolu čakajú dieťa. Lovisa má však ešte jeden sen. Rada by kúpila starý schátraný stánok s vafľami a znova mu vdýchla zašlú slávu. Lenže keď sa anonymný kupujúci rozhodne preplatiť jej ponuku, začne sa znepokojovať: pokúša sa jej azda niekto zasa hádzať polená pod nohy? 
650 0 4 |a Společenské romány 
856 4 0 |u https://www.bookport.cz/AccountSaml/SignIn/?idp=https://shibboleth.utb.cz/idp/shibboleth&returnUrl=/kniha/sladky-zivot-s-vonou-skorice-11655/  |y Dostupné v BOOKPORT po přihlášení pomocí eduID